• 首页
  • 本馆介绍
  • 公告通知
  • 最新文献
  • 馆藏检索
  • 电子资源
  • 读者导购
  • 参考咨询
  • 我的图书馆
  • 登录
  • 详细信息显示
  • 放入我的书架
  • 预约/预借图书
  • 作者相关作品
  • 分类相关作品
  • 丛书相关作品
  • 出版社相关作品

书目信息

  • 表格格式
  • 工作单格式
  • 卡片格式
题名:
大学数学
    
 
作者: 李林曙 , 施光燕 主编
分册:   线性代数
出版信息: 北京   国家开放大学出版社  2021.1
页数: 204页
开本: 26cm
丛书名:
单 册:
中图分类: O13 , O151.2
科图分类:
主题词: 高等数学--开放教育--教材 , 线性代数--开放教育--教材
电子资源:
ISBN: 978-7-304-10602-7
000 00953nam0 2200289 45
001 012001000265
005 20211012144019.05
010    @a978-7-304-10602-7@dCNY27.00
100    @a20210514d2021 em y0chiy50 ea
101 0  @achi
102    @aCN@b110000
105    @ay z 000yy
106    @ar
200 1  @a大学数学@Ada xue shu xue@i线性代数@b专著@f李林曙,施光燕主编
205    @a2版
210    @a北京@c国家开放大学出版社@d2021.1
215    @a204页@d26cm
300    @a开放教育融媒体教材
330    @a本书分为n阶行列式、矩阵、线性方程组、矩阵的特征值及二次型四部分,主要内容包括:n阶行列式的定义、矩阵的概念、用高斯消元法解线性方程组、方阵的特征值与特征向量等。
606 0  @a高等数学@x开放教育@j教材
606 0  @a线性代数@x开放教育@j教材
690    @aO13@v5
690    @aO151.2@v5
701  0 @a李林曙@Ali lin shu@4主编
701  0 @a施光燕@Ashi guang yan@4主编
801  0 @aCN@bBJSDL@c20211011
905    @b1331034-7@dO13@e1045=2@f4
    
    大学数学.线性代数/李林曙,施光燕主编.-2版.-北京:国家开放大学出版社,2021.1
    204页;26cm
    开放教育融媒体教材
    
    ISBN 978-7-304-10602-7:CNY27.00
    本书分为n阶行列式、矩阵、线性方程组、矩阵的特征值及二次型四部分,主要内容包括:n阶行列式的定义、矩阵的概念、用高斯消元法解线性方程组、方阵的特征值与特征向量等。
●
相关链接 在E读中查询图书 在五车中查询图书 在当当中查询图书 在豆瓣中查询图书


正题名:大学数学     索取号:O13/1045=2         预约/预借

序号 登录号 条形码 馆藏地/架位号 状态 备注
1 1331034   213310344   第二样本阅览室/ [索取号:O13/1045=2] 在馆    
2 1331035   213310353   第三借阅区/ [索取号:O13/1045=2] 在馆    
3 1331036   213310362   第三借阅区/ [索取号:O13/1045=2] 在馆    
4 1331037   213310371   第三借阅区/ [索取号:O13/1045=2] 在馆    
唐山师范学院图书馆 欢迎您!
大连网信软件有限公司© 版权所有